[Event "North Wales op"]
[Site "Llandudno"]
[Date "2017.07.02"]
[Round "4"]
[White "Rice, Clifford"]
[Black "Taylor, Robert Graham"]
[Result "1-0"]
[WhiteElo "1927"]
[BlackElo "1944"]
[PlyCount "87"]
[EventDate "2017.06.30"]
[EventType "swiss"]
[EventRounds "5"]
[EventCountry "WLS"]
[SourceTitle "EXT 2019"]
[Source "ChessBase"]
[SourceDate "2018.10.10"]
[SourceVersion "1"]
[SourceVersionDate "2018.10.10"]
[SourceQuality "1"]

1. e4 c5 2. Nf3 e6 3. c3 d6 4. Bc4 Nf6 5. d3 Be7 6. 0-0 0-0 7. Re1 Nc6 8. Bb3 Qc7 9. Bg5 a6 10. Nbd2 b5 11. Nf1 Bb7 12. Bc2 Rac8 13. Rc1 h6 14. Be3 Ng4 15. Bf4 Nge5 16. Ne3 Ng6 17. Bg3 Qd8 18. d4 cxd4 19. cxd4 Nb4 20. Bb1 Rxc1 21. Qxc1 Qa8 22. a3 Nc6 23. Qd2 Rc8 24. Ng4 Rd8 25. h4 h5 26. Ngh2 e5 27. d5 Nb8 28. Ng5 Nd7 29. Rf1 Nf6 30. f4 exf4 31. Bxf4 Nxf4 32. Qxf4 Qa7+ 33. Kh1 Qd4 34. Nhf3 Qxb2 35. Qf5 Qe2 36. Re1 Qb2 37. Nxf7 Rf8 38. Qe6 Rxf7 39. Ng5 Qf2 40. Qxf7+ Kh8 41. Nf3 Ng4 42. Qe8+ Bf8 43. Qxf8+ Kh7 44. e5+ 1-0